Lectures on Administrative Law 8th Ed. (Record no. 21281)

MARC details
000 -LEADER
fixed length control field 00325nam a22001337a 4500
008 - FIXED-LENGTH DATA ELEMENTS--GENERAL INFORMATION
fixed length control field 250307b |||||||| |||| 00| 0 eng d
020 ## - INTERNATIONAL STANDARD BOOK NUMBER
ISBN 978-934-8179-043
100 ## - MAIN ENTRY--AUTHOR NAME
Personal name C K Takwani
245 ## - TITLE STATEMENT
Title Lectures on Administrative Law 8th Ed.
250 ## - EDITION STATEMENT
Edition statement 8th Ed.
260 ## - PUBLICATION, DISTRIBUTION, ETC. (IMPRINT)
Place of publication Delhi
Name of publisher EBC
Year of publication 2025
300 ## - PHYSICAL DESCRIPTION
Number of Pages 825
942 ## - ADDED ENTRY ELEMENTS (KOHA)
Source of classification or shelving scheme Dewey Decimal Classification
Koha item type Books
Holdings
Accession Number Cost, normal purchase price Bill Date Source of acquisition Price effective from Koha item type Withdrawn / writtenoff status Damaged status Not for loan Permanent Location Current Location Shelving location Date acquired Lost/ Missing status department
LLB 1546 825.00 03-03-2025 Radha Krishna Anand & Co, Jammu 03/07/2025 Books     Not For Loan MIET Library, Jammu MIET Library, Jammu 180/5 03/03/2025   BBA LLB
LLB 1547 825.00 03-03-2025 Radha Krishna Anand & Co, Jammu 03/07/2025 Books       MIET Library, Jammu MIET Library, Jammu 186/5 03/03/2025   BBA LLB
LLB 1548 825.00 03-03-2025 Radha Krishna Anand & Co, Jammu 03/07/2025 Books       MIET Library, Jammu MIET Library, Jammu 186/5 03/03/2025   BBA LLB
LLB 1549 825.00 03-03-2025 Radha Krishna Anand & Co, Jammu 03/07/2025 Books       MIET Library, Jammu MIET Library, Jammu 186/5 03/03/2025   BBA LLB
LLB 1550 825.00 03-03-2025 Radha Krishna Anand & Co, Jammu 03/07/2025 Books       MIET Library, Jammu MIET Library, Jammu 186/5 03/03/2025   BBA LLB